000 00958nam a22003252 4500
999 _c1469
_d1469
001 012895363
003 UkOxU
005 20210628084148.0
008 830801s1983 enka 001 0 eng d
010 _agb 83030539
015 _aGB83-30539
020 _a0718121856 (cased)
020 _a0718124251 (pbk)
035 _aOCLC ocm16605874 from D970915M
040 _aUKM
_cUKM
_dEQO
043 _ae-uk---
050 1 _aR733
_b.I46 1983
082 0 _a615.5
_219
100 1 _aInglis, Brian,
_d1916-1993.
245 1 4 _aThe alternative health guide /
_cBrian Inglis & Ruth West.
260 _aLondon :
_bJoseph,
_c1983.
300 _a352 p. :
_bill. (some col.) ;
_c25 cm.
500 _aIncludes index.
504 _aBibliography: p. 345-346.
650 0 _aAlternative medicine
_zGreat Britain.
700 1 _aWest, Ruth,
_d1948-
942 _2lcc
_cBK
_nDO